| 000 | 00683nam a2200229Ia 4500 | ||
|---|---|---|---|
| 003 | OSt | ||
| 005 | 20220928104226.0 | ||
| 006 | a|||||r|||| 00| 0 | ||
| 007 | ta | ||
| 008 | 220927b |||||||| |||| 00| 0 eng d | ||
| 024 | _a54045 | ||
| 037 | _cTextual | ||
| 040 |
_aSDCL _cSDCL _beng |
||
| 041 |
_2eng _aeng |
||
| 082 | _aV55:19'M8, L4 | ||
| 100 |
_aWaller Bruce _9409726 |
||
| 245 | 0 |
_aBismarck at the crossroads _b The reorientation of German foreign policy after the congress of Berlin 1878-1880. |
|
| 260 |
_aLondon _bAthlone Press _c1974 |
||
| 300 |
_a273p. _ccm. |
||
| 942 |
_hV55:19'M8, L4 _cTEXL _2CC |
||
| 999 |
_c725290 _d725290 |
||